1049 1562 1779 1236 1408 1488 1691 1860 1322 1839 1319 1649 1234 1967 1213 1492 1558 1779 1701 1305 1234 1954 1615 1864 1345 1336 1809 1505 1344 1444 1827 1820 1990 1722 1614 1801 1820 1774 1568 1371 1340 1577 1692 1191 1554 1593 1571 1765 1011 1251 1513 1473 1806 1767 1886 1286 1845 1373 1946 1572 1200 1880 1579 1333 1130 1215 1636 1976 1937 1816 1880 1046 1966 1260 1986 1410 1998 1959 1935 1166 1876 1709 1071 1954 1426 1830 1871 1030 1296 1746 1124 1468 1445 1698 1718 1445 1247 1103 1838 BCNSPRNW ULIB Ver.6.0+V

เปลี่ยนเป็นภาษาไทย

Change to English
 แสดงรายละเอียดบรรณานุกรม
  กลับหน้าหลัก

Brief Record : Get Marc (ISO 2709) : E-mail record : QR code < ปิดหน้าต่าง
LEADER : 00000nam 2200000uu 4500
001    13399120952
003     ULIB
008    121029s2551||||th 000 0 tha d
020    ^a9789747878554
060 04 ^aWG300^bศ322ห 2551
100 0  ^aศักดิ์ บวร
245 10 ^a50 วิธีปฏิบัติตนเมื่อคุณเป็นโรคหัวใจ /^cศักดิ์ บวร
250    ^aพิมพ์ครั้งที่ 2
260    ^aกรุงเทพฯ :^bสมิต,^c2551
300    ^a176 หน้า
650  7 ^aโรคหัวใจ
945    ^p0^l0^i18142
995    ^aกัณชพร
999 ^a ใช้งานได้ทุกระบบ
รายการนี้ยังไม่มีแท็ก
คุณยังไม่ได้ล็อกอิน คุณสามารถมีกิจกรรมร่วมกับเว็บไซต์ได้ แต่ต้องล็อกอินก่อน ::
  ล็อกอิน

รายการสื่อสารสนเทศ

ลำดับที่ ประเภท เลขเรียก/บาร์โค้ด สถานที่ สถานะ
- ไม่พบข้อมูล -

รายการใกล้เคียง
    ผู้แต่ง [ศักดิ์ บวร]

    หัวเรื่อง [โรคหัวใจ]

BibComment


ยังไม่เคยถูกคอมเมนท์

คอมเมนท์ทรัพยากรรายการนี้
  คอมเมนท์: 50 วิธีปฏิบัติตน..


 Copyright 2026. Bcnsprnw @Library